日本 : その姿と心
Gorde:
| Egile nagusia: | |
|---|---|
| Formatua: | Liburua |
| Argitaratua: |
学生社
1984
|
| Etiketak: |
Etiketa erantsi
Etiketarik gabe, Izan zaitez lehena erregistro honi etiketa jartzen!
|
| Thư viện lưu trữ: | Mạng thư viện Đại học Đà Nẵng |
|---|
| LEADER | 00586nam a2200229 a 4500 | ||
|---|---|---|---|
| 001 | 000029169 | ||
| 003 | 15587 | ||
| 005 | 20171030145630.0 | ||
| 008 | 171030s1984 | ||
| 040 | |a LTT | ||
| 082 | 0 | |a 320.1 |b BU | |
| 100 | 1 | |a 新日本製鉄株式会社能力開発部 | |
| 245 | 0 | 0 | |a 日本 : その姿と心 |c 新日本製鉄株式会社能力開発部. |
| 260 | |b 学生社 |c 1984 | ||
| 500 | |a SAIKA | ||
| OWN | |a LTT | ||
| 999 | |a From the UDN01 | ||
| TYP | |a Monograph | ||
| TYP | |a Printed language | ||
| 980 | |a Mạng thư viện Đại học Đà Nẵng | ||